| Tag |
First Indicator |
Second Indicator |
Subfields |
| LEADER |
00000cam a2200000 4500 |
| 001 |
in00000459119 |
| 005 |
20151012084214.0 |
| 008 |
750923s1960 nyua 00000 eng d |
| 010 |
|
|
|a 60010224
|
| 035 |
|
|
|a (OCoLC)01650690
|
| 035 |
|
|
|9 ABY1128AM
|
| 040 |
|
|
|a MH-L
|c DZM
|d TXA
|d UtOrBLW
|
| 049 |
|
|
|a TXAM
|c [339177]
|
| 050 |
0 |
0 |
|a P91
|b .L4
|
| 082 |
1 |
|
|a 384.5
|
| 092 |
|
|
|a 384.5
|b L665b
|
| 100 |
1 |
|
|a Levin, Harvey Joshua,
|d 1924-
|
| 245 |
1 |
0 |
|a Broadcast regulation and joint ownership of media.
|
| 264 |
|
1 |
|a [New York] :
|b New York University Press,
|c 1960.
|
| 300 |
|
|
|a 219 pages :
|b illustrations ;
|c 22 cm.
|
| 336 |
|
|
|a text
|b txt
|2 rdacontent
|
| 337 |
|
|
|a unmediated
|b n
|2 rdamedia
|
| 338 |
|
|
|a volume
|b nc
|2 rdacarrier
|
| 650 |
|
0 |
|a Communication.
|
| 650 |
|
0 |
|a Freedom of information.
|
| 999 |
|
|
|a MARS
|
| 999 |
f |
f |
|s 944b2986-8186-3243-b19d-035bceaf22dd
|i 4a71d462-211a-3025-a7f4-2e5fb2afce0b
|t 0
|
| 952 |
f |
f |
|p ric
|a Texas A&M University
|b Rellis Campus
|c Joint Library Facility
|d Remote Storage
|t 0
|e P91 .L4
|h Library of Congress classification
|i unmediated -- volume
|m A14800877072
|
| 998 |
f |
f |
|a P91 .L4
|t 0
|l Remote Storage
|